| 000 | 00736nam a2200229 i 4500 | ||
|---|---|---|---|
| 001 | 114996 | ||
| 003 | ES-MaACL | ||
| 005 | 20250903072442.0 | ||
| 007 | t| | ||
| 008 | 070216q19341935sp ||||1| spa d | ||
| 080 | _a929 Sanz del Rio, Julian | ||
| 100 | 1 |
_aManrique, Gervasio. _976096 |
|
| 245 | 1 | 0 |
_aSanz del Río _b: siglo XIX / _cGervasio Manrique. |
| 260 |
_aMadrid : _bAguilar, _c[entre 1934-1935] |
||
| 300 |
_a232 p. : _bil. ; _c17 cm. |
||
| 490 | 1 |
_aBiblioteca de la cultura española ; _v7 |
|
| 500 | _aDibujo del biografiado. | ||
| 600 | 1 | 4 |
_aSanz del Río, Julián, _d1814-1869 _9132463 |
| 830 | 0 | 0 |
_aBiblioteca de la cultura española _v7 _9185912 |
| 852 |
_aES-MaACL _jC-23172 |
||
| 999 |
_c114996 _d114996 |
||